Tìm hiểu tình hình sản xuất nông nghiệp ở thị xã Bỉm Sơn - Thanh Hóa giai đoạn 2000 - 2008. Định hướng phát triển đến năm 2020

Cơ sở lí luận. Tình hình phát triển sản xuất nông nghiệp của thị xã Bỉm Sơn thời kì từ năm 2000-2008. Định hướng và các giải pháp phát triển nông nghiệp của thị xã Bỉm Sơn đến năm 2020

Đã lưu trong:
Chi tiết về thư mục
Tác giả chính: Nguyễn, Thị Quyên
Tác giả khác: Nguyễn, Duy Hòa Th.S (Hướng dẫn)
Định dạng: Sách
Ngôn ngữ:Vietnamese
Được phát hành: Đại học Đà Nẵng Trường Đại học Sư phạm 2010
Loạt:Khóa luận tốt nghiệp Đại học. Chuyên ngành: Sư phạm Địa lý
Những chủ đề:
Các nhãn: Thêm thẻ
Không có thẻ, Là người đầu tiên thẻ bản ghi này!
Thư viện lưu trữ: Mạng thư viện Đại học Đà Nẵng
LEADER 01687nam a2200349 4500
001 000011101
003 7330
005 20120202070245.0
008 120202s2010 viesd
041 |a vie 
072 |a Khóa luận tốt nghiệp 
082 |a 338.1  |b NG-Q 
100 1 |a Nguyễn, Thị Quyên 
245 1 |a Tìm hiểu tình hình sản xuất nông nghiệp ở thị xã Bỉm Sơn - Thanh Hóa giai đoạn 2000 - 2008. Định hướng phát triển đến năm 2020  |c Nguyễn, Thị Quyên 
260 |a Đại học Đà Nẵng  |b Trường Đại học Sư phạm  |c 2010 
300 |a 66 tr. [5 tr.]  |b bản đồ + ảnh m.họa  |c 29 cm 
490 |a Khóa luận tốt nghiệp Đại học. Chuyên ngành: Sư phạm Địa lý 
500 |a Tham khảo + phụ lục ảnh [5 tr.] 
520 |a Cơ sở lí luận. Tình hình phát triển sản xuất nông nghiệp của thị xã Bỉm Sơn thời kì từ năm 2000-2008. Định hướng và các giải pháp phát triển nông nghiệp của thị xã Bỉm Sơn đến năm 2020 
653 |a Khóa luận tốt nghiệp Đại học 
653 |a Khoa Địa lý 
700 1 |a Nguyễn, Duy Hòa  |c Th.S  |e Hướng dẫn 
OWN |a LSP 
AVA |a UDN50  |b LSP  |d 338.1 NG-Q  |e available  |t Error 5001 Not defined in file expand_doc_bib_avail.  |f 1  |g 0  |h N  |i 0  |k 1 
999 |a From the UDN01 
AVA |a UDN50  |b LSP  |d 338.1 NG-Q  |e available  |t Error 5001 Not defined in file expand_doc_bib_avail.  |f 1  |g 0  |h N  |i 0  |k 1 
TYP |a Monograph 
TYP |a Printed language 
980 |a Mạng thư viện Đại học Đà Nẵng